Subcategory Sort: MLB, NBA, NFL, or NHL Quiz Stats

 Plays Quiz Updated Oct 3, 2019

Score 0/60 Timer 07:00
1 Play Today
% Correct
Boston Celtics
82.4%
Boston Red Sox
82.3%
Dallas Cowboys
81.8%
Anaheim Ducks
81.1%
Kobe Bryant
80.7%
Babe Ruth
80.2%
Golden State Warriors
80.1%
Alex Rodriguez
79.7%
Detroit Red Wings
79.6%
Jerry Rice
79.3%
Wayne Gretzky
79%
Tom Brady
78.9%
Green Bay Packers
78.7%
New England Patriots
78.4%
New York Yankees
78.2%
Larry Bird
78%
Colorado Rockies
77.8%
San Francisco 49ers
77.5%
Houston Rockets
77.3%
Arrowhead Stadium
76.8%
Montreal Canadiens
76.7%
Pittsburgh Penguins
76.6%
Phoenix Suns
76.4%
Kareem Abdul-Jabbar
76.1%
Peyton Manning
76.1%
Milwaukee Brewers
76%
Toronto Raptors
75.9%
Magic Johnson
75.8%
Bobby Hull
75%
Fenway Park
74.7%
% Correct
Seattle Seahawks
74.6%
San Francisco Giants
74.6%
Ottawa Senators
73.6%
Hank Aaron
72.6%
Gordie Howe
72.3%
Wilt Chamberlain
72.1%
Joe Pavelski
71.9%
Mike Trout
71.5%
Joe Greene
70%
Ty Cobb
69.1%
Wrigley Field
68.7%
Soldier Field
68.2%
MetLife Stadium
67.8%
Philip Rivers
67.7%
FedExField
67.5%
Drew Doughty
66.2%
Minute Maid Park
65.9%
Hard Rock Stadium
58%
SunTrust Park
57.6%
Chesapeake Energy Arena
56.4%
Bell Centre
54%
Amway Center
52.4%
Target Center
50.4%
Smoothie King Center
49.9%
State Farm Arena
49.7%
Gila River Arena
49.6%
PNC Arena
48.7%
Enterprise Center
42.9%
Rogers Place
37.9%
Rogers Centre
36.3%

You're not logged in!

Compare scores with friends on all Sporcle quizzes.
OR
Log In

Sporcle TV

Today on Sporcle TV


Watch our educational content, quiz creation guides, and fun videos on Sporcle TV.

Show Comments

Extras

Top Quizzes Today


Score Distribution

Your Account Isn't Verified!

In order to create a playlist on Sporcle, you need to verify the email address you used during registration. Go to your Sporcle Settings to finish the process.

Report this User

Report this user for behavior that violates our Community Guidelines.

Details: